[Event "TUR-chT Superleague 2018"]
[Site "Ankara"]
[Date "2018.07.29"]
[Round "5"]
[White "Erdogdu, Mert"]
[Black "Ertan, Can"]
[Result "1-0"]
[WhiteElo "2411"]
[BlackElo "2379"]
[Annotator "TA"]
[PlyCount "87"]
[EventDate "2018.07.25"]
[EventType "team-tourn"]
[EventCountry "TUR"]
[SourceTitle "playchess.com"]
[Source "ChessBase"]
[SourceQuality "1"]

{[%evp 9,87,-7,-10,-14,-14,-20,-13,-8,0,0,0,-12,0,0,0,-12,-17,-36,-14,-16,-19,-28,0,0,-19,-7,0,-43,-9,-26,-21,-28,-27,-26,-31,-26,-22,-25,-22,-41,0,-32,27,37,25,28,54,54,55,60,56,56,118,49,376,188,218,113,127,86,82,116,127,113,145,125,166,175,241,239,206,197,280,262,455,447,591,581,1002,977]} 1. d4 Nf6 2. Bf4 c5 3. e3 Nd5 (3... e6 4. Nd2 d5 5. Ngf3 Nc6 6. c3 Be7 7. h3 Bd6 8. dxc5 Bxc5 9. Bd3 O-O 10. O-O Bd6 11. Bxd6 Qxd6 12. e4 Rd8 13. Bc2 dxe4 14. Nxe4 Qe7 15. Qe2 {1-0 (67) So,W (2778)-Caruana,F (2816) Paris 2018}) 4. Bxb8 Rxb8 5. dxc5 e6 6. c4 {A45: Trompowsky Attack} Nf6 7. Nc3 Bxc5 8. a3 $146 {The position is equal.} ({Predecessor:} 8. Nf3 O-O 9. Bd3 b6 10. O-O Bb7 11. a3 {0-1 (102) Nguyen Thi Mai,H (2225)-Korley,K (2277) Budapest 2013}) 8... Be7 9. Nf3 O-O 10. Be2 a6 11. O-O b6 12. Qa4 Bb7 13. Rfd1 Bc6 14. Qc2 Qc7 15. Rac1 Rbc8 16. Nd4 Bb7 17. Qb1 Qb8 18. Na4 Rc7 (18... b5 $5 19. cxb5 axb5 $11) 19. b4 Be4 20. Bd3 Bxd3 21. Qxd3 Rfc8 22. Rc3 Qb7 23. Rdc1 d6 24. b5 Ne4 25. R3c2 Nc5 (25... Bf8 $15) 26. Nxc5 $11 Rxc5 27. Nc6 axb5 28. cxb5 d5 29. a4 Rxc2 30. Qxc2 Ra8 (30... Kh8 $14) 31. g3 (31. a5 $1 $16 bxa5 32. Nxe7+ Qxe7 33. Qc8+ $3 {[%mdl 512]} Qf8 34. Qc6) 31... f5 $2 {[%mdl 8192]} (31... g6 $14) 32. Nd4 (32. Nxe7+ $142 Qxe7 33. Qc3) 32... Kf7 33. Qc6 ({White should play} 33. Qd1 $18) 33... Qxc6 $16 34. Rxc6 ({Don't play} 34. bxc6 $6 Ba3 $14) 34... Rxa4 35. Nxe6 {[%mdl 4096] Endgame KRB-KRN} Re4 36. Nd4 Bc5 37. Nxf5 Rb4 38. Rc7+ $1 Kg6 (38... Kf6 $142) 39. Nxg7 $18 Re4 40. h4 h5 (40... d4 {was worth a try.}) 41. Kg2 d4 $2 (41... Ba3 42. Rb7 Re5) 42. exd4 {White is clearly winning.} Bxd4 {[#]} 43. Nxh5 $1 {[%mdl 512]} Be5 {[#]} (43... Kxh5 44. Rc4) 44. Re7 $1 {Precision: White = 46%, Black = 32%.} 1-0

[Event "TUR-chT Superleague 2018"]
[Site "Ankara"]
[Date "2018.07.29"]
[Round "5"]
[White "Badelka, Olga"]
[Black "Nechaeva, Marina"]
[Result "1-0"]
[WhiteElo "2407"]
[BlackElo "2410"]
[Annotator "NA"]
[PlyCount "117"]
[EventDate "2018.07.25"]
[EventType "team-tourn"]
[EventCountry "TUR"]
[SourceTitle "playchess.com"]
[Source "ChessBase"]
[SourceQuality "1"]
[TimeControl "40/5400+30:1800+30"]

1. d4 {[%emt 0:00:30]} d5 {[%emt 0:01:00]} 2. c4 {[%emt 0:00:30]} c6 {[%emt 0:00:30]} 3. Nf3 {[%emt 0:00:30]} Nf6 {[%emt 0:00:30]} 4. Nc3 {[%emt 0:00:30]} e6 {[%emt 0:00:30]} 5. Bg5 {[%emt 0:00:30]} Nbd7 {[%emt 0:00:30]} 6. e3 {[%emt 0:00:00]} Qa5 {[%emt 0:00:00]} 7. cxd5 {[%emt 0:00:00]} Nxd5 {[%emt 0:00:00]} 8. Qd2 {[%emt 0:00:00]} b6 {[%emt 0:00:00]} 9. e4 {[%emt 0:04:00]} Nxc3 {[%emt 0:00:00]} 10. bxc3 {[%emt 0:00:30]} h6 {[%emt 0:08:30]} 11. Bh4 {[%emt 0:01:30]} Ba6 {[%emt 0:00:30]} 12. Bxa6 {[%emt 0:01:30]} Qxa6 {[%emt 0:00:00]} 13. Qe2 {[%emt 0:02:30]} Qxe2+ {[%emt 0:01:00]} 14. Kxe2 {[%emt 0:00:30]} Be7 {[%emt 0:00:30]} 15. Bg3 {[%emt 0:01:30]} Nf6 {[%emt 0:00:30]} 16. Nd2 {[%emt 0:14:30]} c5 {[%emt 0:09:30]} 17. f3 {[%emt 0:00:30]} Nh5 {[%emt 0:01:30]} 18. a4 $11 {[%emt 0:09:30]} Nxg3+ {[%emt 0:02:30]} 19. hxg3 {[%emt 0:00:30]} cxd4 {[%emt 0:11:30]} 20. cxd4 {[%emt 0:00:30]} O-O-O {[%emt 0:00:30]} 21. Ke3 {[%emt 0:04:30]} Kb7 {[%emt 0:02:30]} 22. Nc4 {[%emt 0:02:30]} Rc8 {[%emt 0:00:30]} 23. Rhc1 {[%emt 0:00:30]} Rc7 {[%emt 0:16:30]} 24. Ne5 {[%emt 0:04:30]} Rxc1 {[%emt 0:00:30]} 25. Rxc1 {[%emt 0:00:30]} Rf8 {[%emt 0:05:30]} 26. f4 {[%emt 0:02:30]} Bd6 {[%emt 0:02:30]} 27. Nc4 {[%emt 0:02:30]} Be7 {[%emt 0:03:30]} 28. Rb1 {[%emt 0:02:30]} Rc8 {[%emt 0:01:30]} 29. Kd3 {[%emt 0:01:30]} Ka6 {[%emt 0:00:00]} 30. Ne5 {[%emt 0:11:30]} f6 {[%emt 0:02:00]} 31. Nc4 {[%emt 0:00:30]} Rd8 {[%emt 0:01:30]} 32. Kc3 {[%emt 0:00:00]} Rd7 {[%emt 0:00:30]} 33. g4 {[%emt 0:03:00]} g6 {[%emt 0:04:30]} 34. Rb5 {[%emt 0:02:30]} Rd8 {[%emt 0:03:30]} 35. Rb1 {[%emt 0:06:30]} Rg8 {[%emt 0:09:47]} 36. Rh1 {[%emt 0:01:30]} h5 {[%emt 0:01:47]} 37. Ne3 {[%emt 0:05:31]} e5 {[%emt 0:06:14]} 38. fxe5 {[%emt 0:01:46]} fxe5 {[%emt 0:00:03]} 39. dxe5 {[%emt 0:01:35]} Bc5 {[%emt 0:02:30]} 40. Nd5 {[%emt 0:00:00]} Ka5 {[%emt 0:00:39]} 41. Kb3 {[%emt 0:08:38]} b5 {[%emt 0:18:20]} 42. axb5 {[%emt 0:00:30]} Kxb5 {[%emt 0:00:01]} 43. e6 {[%emt 0:14:30]} Kc6 {[%emt 0:04:14]} 44. gxh5 {[%emt 0:03:22]} gxh5 {[%emt 0:00:30]} 45. Rxh5 {[%emt 0:00:10]} Rxg2 {[%emt 0:07:35]} 46. e7 {[%emt 0:00:13]} Rg8 {[%emt 0:01:35]} 47. Rh6+ {[%emt 0:00:16]} Kb7 {[%emt 0:01:20]} 48. Nf6 {[%emt 0:02:17]} Rg3+ {[%emt 0:00:03]} 49. Kc4 {[%emt 0:00:00]} Bxe7 {[%emt 0:00:30]} 50. Rh7 {[%emt 0:00:27]} Kc6 {[%emt 0:00:30]} 51. Rxe7 {[%emt 0:00:00]} Ra3 {[%emt 0:00:27]} 52. Re6+ {[%emt 0:00:06]} Kc7 {[%emt 0:00:05]} 53. e5 {[%emt 0:00:54]} Ra1 {[%emt 0:00:58]} 54. Nd5+ {[%emt 0:00:38]} Kd8 {[%emt 0:00:06]} 55. Rh6 {[%emt 0:02:42]} Rc1+ {[%emt 0:00:50]} 56. Kd4 {[%emt 0:00:10]} Rd1+ {[%emt 0:00:21]} 57. Ke4 {[%emt 0:00:30]} Re1+ {[%emt 0:00:00]} 58. Kf5 {[%emt 0:00:26]} Kd7 {[%emt 0:00:00]} 59. Rd6+ {[%emt 0:00:24]} 1-0

[Event "TUR-chT Superleague 2018"]
[Site "Ankara"]
[Date "2018.07.29"]
[Round "5"]
[White "Erturan, Yakup"]
[Black "Triapishko, Alexandr"]
[Result "0-1"]
[WhiteElo "2378"]
[BlackElo "2509"]
[Annotator "TA"]
[PlyCount "82"]
[EventDate "2018.07.25"]
[EventType "team-tourn"]
[EventCountry "TUR"]
[SourceTitle "playchess.com"]
[Source "ChessBase"]
[SourceQuality "1"]

{[%evp 25,82,7,-1,-15,-22,-15,-10,-9,-12,-5,-10,-9,0,-12,-12,-7,0,-70,-77,-77,-77,-81,-66,-61,-66,-65,-63,-51,-52,-72,-69,-82,-80,-85,-90,-82,-82,-94,-94,-94,-84,-69,-66,-193,-193,-216,-186,-196,-207,-220,-202,-402,-402,-387,-371,-307,-339,-1567,-1486]} 1. e4 c6 2. d4 d5 3. Nc3 dxe4 4. Nxe4 Bf5 5. Ng3 Bg6 6. h4 h6 7. Nf3 e6 8. h5 Bh7 9. Bd3 Bxd3 10. Qxd3 Nf6 11. Bd2 Be7 12. O-O-O O-O 13. Kb1 {B19: Caro-Kann (Hauptvariante)} c5 {LiveBook: 55 Partien} 14. Qe2 (14. Be3 Nbd7 15. dxc5 Nxc5 16. Qxd8 Rfxd8 17. Ne5 Nd5 18. Bxc5 Bxc5 19. Ne4 Be7 20. c4 Nf6 21. Nxf6+ gxf6 {0-1 (47) Khachiyan,M (2522)-Nakamura,H (2781) chess.com INT 2018}) 14... cxd4 15. Be3 $146 {Die Stellung ist ausgeglichen.} ({Vorgänger:} 15. Bc3 Nc6 16. Nxd4 Nxd4 17. Bxd4 Qc7 {½-½ (17) Taborov,B (2450)-Shishkin,V (2404) Kiev 2003}) 15... Nc6 16. Nxd4 Qc7 17. Nxc6 Qxc6 18. Bd4 Rac8 ({Falsch wäre} 18... Qxg2 $2 19. Bxf6 Bxf6 20. Ne4 $18) 19. Bxf6 Bxf6 20. Ne4 Be5 $40 {[%mdl 128] Schwarz startet einen Angriff.} 21. Rh3 (21. f3 $11) 21... f5 $1 $15 {[%cal Rf5e4]} 22. Nc3 Qxg2 23. Re3 Bxc3 $1 24. bxc3 Qg4 25. Rxe6 Qxe2 (25... Rc7 {is more complex.} 26. Rd5 Qxe2 27. Rxe2 Rfc8 28. Rxf5 b6) 26. Rxe2 {[%mdl 4096] Endspiel KTT-KTT} Rc7 ({Bitte nicht} 26... Rxc3 27. Rd7 $11) 27. Kb2 f4 $1 28. Re5 Rfc8 29. Rd3 Rc5 30. Red5 R8c7 31. a4 Rxd5 32. Rxd5 $17 {[#] KT-KT} g6 $1 {[%mdl 512]} 33. hxg6 Kg7 34. Rf5 (34. Kc1 $15) 34... Kxg6 $19 35. Rxf4 h5 {[%cal Bh6h5,Bh5h4][%mdl 32]} 36. Kc1 Rh7 $1 {[%mdl 1024] Schwarz hat starke Kompensation.} ({Finger weg von} 36... Rxc3 37. Kd2 $17) 37. Rh4 Kg5 $1 {[%cal Rg5h4]} 38. Rh3 $2 {[#]} (38. Rh1) 38... Kg4 $1 {[%cal Rg4h3]} 39. Rg3+ Kf4 40. Rh3 h4 41. f3 $2 {[#]} (41. Kd2 Kg4 42. Rh2) 41... Ke3 $1 {Precision: Weiß = 49%, Schwarz = 86%.} 0-1

[Event "TUR-chT Superleague 2018"]
[Site "Ankara"]
[Date "2018.07.29"]
[Round "5"]
[White "Kerigan, Demre"]
[Black "Sanal, Vahap"]
[Result "1-0"]
[WhiteElo "2366"]
[BlackElo "2515"]
[Annotator "ChessBase"]
[PlyCount "95"]
[EventDate "2018.07.25"]
[EventType "team-tourn"]
[EventCountry "TUR"]
[SourceTitle "playchess.com"]
[Source "ChessBase"]
[SourceQuality "1"]
[TimeControl "40/5400+30:1800+30"]

1. e4 {[%emt 0:00:30]} e6 {[%emt 0:01:00]} 2. d4 {[%emt 0:00:30]} d5 {[%emt 0:00:00]} 3. Nd2 {[%emt 0:00:30]} c5 {[%emt 0:00:00]} 4. exd5 {[%emt 0:00:30]} Qxd5 {[%emt 0:00:30]} 5. Ngf3 {[%emt 0:00:00]} cxd4 {[%emt 0:00:30]} 6. Bc4 {[%emt 0:00:00]} Qd8 {[%emt 0:00:00]} 7. O-O {[%emt 0:01:30]} Nc6 {[%emt 0:00:00]} 8. Qe2 {[%emt 0:03:30]} a6 {[%emt 0:00:30]} 9. a4 {[%emt 0:03:30]} Bd6 {[%emt 0:05:30]} 10. Nb3 {[%emt 0:03:30]} Qc7 {[%emt 0:09:30]} 11. Rd1 {[%emt 0:09:30]} Ne5 {[%emt 0:17:30]} 12. Nxe5 {[%emt 0:01:30]} Bxe5 {[%emt 0:00:00]} 13. Nxd4 {[%emt 0:15:30]} Bxh2+ {[%emt 0:06:00]} 14. Kh1 {[%emt 0:00:00]} Be5 {[%emt 0:12:30]} 15. Ra3 {[%emt 0:02:00]} Ne7 {[%emt 0:02:30]} 16. Rc3 {[%emt 0:06:30]} Nc6 {[%emt 0:03:30]} 17. Nxc6 {[%emt 0:02:30]} bxc6 {[%emt 0:00:30]} 18. Rcd3 {[%emt 0:20:30]} O-O {[%emt 0:02:30]} 19. Bg5 {[%emt 0:01:30]} Bxb2 {[%emt 0:10:30]} 20. c3 {[%emt 0:07:05]} Ba3 {[%emt 0:00:30]} 21. Bd8 {[%emt 0:02:28]} Qf4 {[%emt 0:09:48]} 22. Rf3 {[%emt 0:07:34]} Qb8 {[%emt 0:08:30]} 23. Bf6 {[%emt 0:02:17]} gxf6 {[%emt 0:02:48]} 24. Rg3+ {[%emt 0:00:41]} Qxg3 {[%emt 0:00:30]} 25. fxg3 {[%emt 0:00:00]} Be7 {[%emt 0:00:53]} 26. Qg4+ {[%emt 0:01:42]} Kh8 {[%emt 0:00:30]} 27. Qe4 {[%emt 0:00:00]} Kg7 {[%emt 0:03:51]} 28. g4 {[%emt 0:02:48]} h6 {[%emt 0:01:16]} 29. Qxc6 {[%emt 0:01:05]} Rb8 {[%emt 0:01:46]} 30. Bxa6 {[%emt 0:01:06]} Bxa6 {[%emt 0:01:36]} 31. Qxa6 {[%emt 0:00:30]} Bc5 {[%emt 0:00:00]} 32. Qc6 {[%emt 0:01:46]} Rfc8 {[%emt 0:00:07]} 33. Qe4 {[%emt 0:00:00]} Bb6 {[%emt 0:01:07]} 34. c4 {[%emt 0:02:56]} Bc7 {[%emt 0:00:44]} 35. Rb1 {[%emt 0:00:29]} Ra8 {[%emt 0:00:38]} 36. c5 {[%emt 0:00:22]} Ra5 {[%emt 0:00:00]} 37. Rb5 {[%emt 0:00:46]} Ra6 {[%emt 0:00:28]} 38. Rb7 {[%emt 0:01:00]} Kg8 {[%emt 0:00:52]} 39. g3 {[%emt 0:00:23]} Bxg3 {[%emt 0:00:30]} 40. Qd3 {[%emt 0:00:00]} Rxa4 {[%emt 0:01:06]} 41. Qd7 {[%emt 0:03:02]} Ra1+ {[%emt 0:03:30]} 42. Kg2 {[%emt 0:01:30]} Rf8 {[%emt 0:01:30]} 43. Kxg3 {[%emt 0:00:00]} Ra3+ {[%emt 0:03:30]} 44. Kh4 {[%emt 0:03:00]} h5 {[%emt 0:05:05]} 45. c6 {[%emt 0:02:30]} hxg4 {[%emt 0:01:00]} 46. c7 {[%emt 0:01:30]} Raa8 {[%emt 0:00:05]} 47. Qb5 {[%emt 0:00:30]} Rac8 {[%emt 0:00:24]} 48. Qb6 {[%emt 0:01:30]} 1-0

[Event "TUR-chT Superleague 2018"]
[Site "Ankara"]
[Date "2018.07.29"]
[Round "5"]
[White "Szczepkowska, Karina"]
[Black "Ozturk, Kubra"]
[Result "0-1"]
[WhiteElo "2356"]
[BlackElo "2330"]
[Annotator "NA"]
[PlyCount "54"]
[EventDate "2018.07.25"]
[EventType "team-tourn"]
[EventCountry "TUR"]
[SourceTitle "playchess.com"]
[Source "ChessBase"]
[SourceQuality "1"]
[TimeControl "40/5400+30:1800+30"]

1. e4 {[%emt 0:00:30]} e5 {[%emt 0:01:00]} 2. Nf3 {[%emt 0:00:30]} Nc6 {[%emt 0:00:30]} 3. d4 {[%emt 0:00:30]} exd4 {[%emt 0:00:30]} 4. Nxd4 {[%emt 0:00:00]} Bc5 {[%emt 0:00:00]} 5. Nb3 {[%emt 0:00:00] LiveBook: 1191 Partien} (5. Be3 $5 {[%cal Rd4c6]} Qf6 6. c3 $11) 5... Bb6 {[%emt 0:03:00]} 6. Nc3 {[%emt 0:00:30]} Nf6 {[%emt 0:00:30]} 7. Qe2 {[%emt 0:00:30]} d6 {[%emt 0:01:30]} 8. Be3 {[%emt 0:03:30]} O-O {[%emt 0:03:30]} 9. O-O-O {[%emt 0:08:30]} Bxe3+ {[%emt 0:04:30]} 10. Qxe3 {[%emt 0:00:00]} Qe7 {[%emt 0:02:30]} 11. f3 {[%emt 0:05:00]} a5 $14 {[%emt 0:05:30]} 12. g4 {[%emt 0:11:30]} a4 {[%emt 0:02:30]} 13. Nd4 {[%emt 0:00:30]} a3 {[%emt 0:07:30]} 14. b3 {[%emt 0:00:30]} Qe5 {[%emt 0:14:30]} 15. Ndb5 {[%emt 0:17:30]} Be6 {[%emt 0:23:30]} 16. f4 {[%emt 0:17:30]} Nxg4 {[%emt 0:01:30]} 17. Qg3 {[%emt 0:00:30]} Qc5 {[%emt 0:06:30]} 18. f5 {[%emt 0:00:00]} Ne3 {[%emt 0:01:23]} 19. Rd3 {[%emt 0:06:00]} Nxf1 {[%emt 0:04:32]} 20. Rxf1 {[%emt 0:00:30]} Nb4 {[%emt 0:02:29]} 21. Rdd1 {[%emt 0:06:30]} Bd7 {[%emt 0:08:13]} 22. f6 {[%emt 0:10:02]} g6 {[%emt 0:00:04]} 23. Kb1 {[%emt 0:03:37]} Bxb5 {[%emt 0:02:14]} 24. Rf5 {[%emt 0:01:07]} d5 {[%emt 0:00:14]} 25. Rdxd5 {[%emt 0:04:14]} Nxd5 {[%emt 0:00:36]} 26. Nxd5 {[%emt 0:00:29]} Qd4 {[%emt 0:00:38]} 27. Nc3 {[%emt 0:01:27]} Rfd8 {[%emt 0:00:26]} 0-1

[Event "TUR-chT Superleague 2018"]
[Site "Ankara"]
[Date "2018.07.29"]
[Round "5"]
[White "Unuk, Laura"]
[Black "Buksa, Nataliya"]
[Result "0-1"]
[WhiteElo "2355"]
[BlackElo "2337"]
[Annotator "NA"]
[PlyCount "72"]
[EventDate "2018.07.25"]
[EventType "team-tourn"]
[EventCountry "TUR"]
[SourceTitle "playchess.com"]
[Source "ChessBase"]
[SourceQuality "1"]
[TimeControl "40/5400+30:1800+30"]

1. d4 {[%emt 0:00:30]} Nf6 {[%emt 0:01:00]} 2. Bg5 {[%emt 0:02:30]} Ne4 {[%emt 0:00:30]} 3. h4 {[%emt 0:00:30]} d5 {[%emt 0:05:30]} 4. e3 {[%emt 0:00:00]} Qd6 {[%emt 0:07:30]} 5. c3 {[%emt 0:12:00]} Nxg5 {[%emt 0:18:30]} 6. hxg5 {[%emt 0:01:30]} Bf5 $14 {[%emt 0:01:30]} 7. Nd2 {[%emt 0:04:30]} Nc6 {[%emt 0:06:30]} 8. Ngf3 {[%emt 0:04:30]} g6 {[%emt 0:04:30]} 9. Qa4 {[%emt 0:08:30]} Bg7 {[%emt 0:06:30]} 10. b4 {[%emt 0:16:30]} O-O {[%emt 0:03:30]} 11. b5 {[%emt 0:00:30]} Nd8 {[%emt 0:01:30]} 12. c4 {[%emt 0:02:30]} dxc4 {[%emt 0:01:30]} 13. Bxc4 {[%emt 0:01:30]} c6 {[%emt 0:05:30]} 14. Rd1 {[%emt 0:04:30]} Be6 {[%emt 0:03:30]} 15. bxc6 {[%emt 0:09:30]} Qxc6 {[%emt 0:00:30]} 16. Bb5 {[%emt 0:06:30]} Qd5 {[%emt 0:01:30]} 17. Bc4 {[%emt 0:09:29]} Qd7 {[%emt 0:00:30]} 18. Bb5 {[%emt 0:00:27]} Qd5 {[%emt 0:00:00]} 19. Nb3 {[%emt 0:00:54]} Rc8 {[%emt 0:03:00]} 20. Bd3 {[%emt 0:00:31]} Qc6 {[%emt 0:02:30]} 21. Qb4 {[%emt 0:05:47]} Qd6 {[%emt 0:06:23]} 22. Qd2 {[%emt 0:01:27]} Bxb3 {[%emt 0:01:00]} 23. axb3 {[%emt 0:00:30]} Nc6 {[%emt 0:00:00]} 24. Bc4 {[%emt 0:01:46]} a6 {[%emt 0:00:00]} 25. e4 {[%emt 0:01:14]} b5 {[%emt 0:01:00]} 26. Be2 {[%emt 0:03:33]} Rfd8 {[%emt 0:01:35]} 27. Kf1 {[%emt 0:01:06]} Nxd4 {[%emt 0:02:08]} 28. Qe3 {[%emt 0:00:03]} Qb4 {[%emt 0:03:09]} 29. Nxd4 {[%emt 0:00:29]} Rxd4 {[%emt 0:00:10]} 30. Qh3 {[%emt 0:01:00]} Rxd1+ {[%emt 0:00:30]} 31. Bxd1 {[%emt 0:00:30]} Rd8 {[%emt 0:00:00]} 32. Be2 {[%emt 0:00:41]} Qxe4 {[%emt 0:00:46]} 33. g3 {[%emt 0:00:19]} Rd2 {[%emt 0:02:45]} 34. Bg4 {[%emt 0:00:05]} Rb2 {[%emt 0:00:00]} 35. Bd1 {[%emt 0:01:06]} Rb1 {[%emt 0:00:31]} 36. Qc8+ {[%emt 0:00:54]} Bf8 {[%emt 0:00:30]} 0-1

[Event "TUR-chT Superleague 2018"]
[Site "Ankara"]
[Date "2018.07.29"]
[Round "5"]
[White "Apaydin, Fethi"]
[Black "Uysal, Burak"]
[Result "0-1"]
[WhiteElo "2353"]
[BlackElo "2185"]
[Annotator "NA"]
[PlyCount "62"]
[EventDate "2018.07.25"]
[EventType "team-tourn"]
[EventCountry "TUR"]
[SourceTitle "playchess.com"]
[Source "ChessBase"]
[SourceQuality "1"]
[TimeControl "40/5400+30:1800+30"]

1. e4 {[%emt 0:00:30]} e5 {[%emt 0:01:00]} 2. Nc3 {[%emt 0:00:30]} Nf6 {[%emt 0:00:00]} 3. Bc4 {[%emt 0:02:30]} Nxe4 {[%emt 0:00:00]} 4. Qh5 {[%emt 0:00:00]} Nd6 {[%emt 0:00:30]} 5. Bb3 {[%emt 0:00:00]} Be7 {[%emt 0:00:00]} 6. Nf3 {[%emt 0:00:30]} Nc6 {[%emt 0:00:00]} 7. Nxe5 {[%emt 0:01:30]} g6 {[%emt 0:00:30]} 8. Qe2 {[%emt 0:00:30]} Nd4 {[%emt 0:18:30]} 9. Qd1 {[%emt 0:09:30]} O-O $15 {[%emt 0:05:30]} 10. O-O {[%emt 0:17:30]} c6 {[%emt 0:02:30]} 11. Re1 {[%emt 0:06:30]} N6f5 {[%emt 0:06:30]} 12. Ne2 {[%emt 0:08:30]} d6 {[%emt 0:03:30]} 13. Ng4 {[%emt 0:00:30]} h5 {[%emt 0:04:30]} 14. Nh6+ {[%emt 0:07:30]} Nxh6 {[%emt 0:05:30]} 15. Nxd4 {[%emt 0:00:30]} d5 {[%emt 0:06:30]} 16. Nf3 {[%emt 0:01:30]} Bg4 {[%emt 0:06:30]} 17. h3 {[%emt 0:02:30]} Bxf3 {[%emt 0:00:30]} 18. Qxf3 {[%emt 0:00:30]} Bg5 {[%emt 0:01:30]} 19. d4 {[%emt 0:03:30]} Bxc1 {[%emt 0:02:30]} 20. Raxc1 {[%emt 0:00:30]} Qg5 {[%emt 0:00:30]} 21. Rcd1 {[%emt 0:20:56]} Nf5 {[%emt 0:14:30]} 22. Kh2 {[%emt 0:07:29]} Rae8 {[%emt 0:01:51]} 23. c3 {[%emt 0:01:52]} Re6 {[%emt 0:03:49]} 24. g3 {[%emt 0:05:11]} Rfe8 {[%emt 0:02:27]} 25. Rxe6 {[%emt 0:00:32]} Rxe6 {[%emt 0:01:44]} 26. Bc2 {[%emt 0:00:48]} Nd6 {[%emt 0:01:14]} 27. Kg2 {[%emt 0:00:58]} Qe7 {[%emt 0:01:49]} 28. Bd3 {[%emt 0:00:22]} h4 {[%emt 0:00:38]} 29. Rd2 {[%emt 0:00:44]} hxg3 {[%emt 0:00:43]} 30. Qxg3 {[%emt 0:00:30]} Ne8 {[%emt 0:04:43]} 31. Qf3 {[%emt 0:00:50]} Qg5+ {[%emt 0:00:18]} 0-1

[Event "TUR-chT Superleague 2018"]
[Site "Ankara"]
[Date "2018.07.29"]
[Round "5"]
[White "Savina, Anastasia"]
[Black "Injac, Teodora"]
[Result "0-1"]
[WhiteElo "2342"]
[BlackElo "2302"]
[Annotator "NA"]
[PlyCount "56"]
[EventDate "2018.07.25"]
[EventType "team-tourn"]
[EventCountry "TUR"]
[SourceTitle "playchess.com"]
[Source "ChessBase"]
[SourceQuality "1"]
[TimeControl "40/5400+30:1800+30"]

1. d4 {[%emt 0:00:30]} Nf6 {[%emt 0:01:00]} 2. c4 {[%emt 0:00:30]} g6 {[%emt 0:00:30]} 3. Nc3 {[%emt 0:00:30]} Bg7 {[%emt 0:00:30]} 4. e4 {[%emt 0:00:30]} d6 {[%emt 0:00:00]} 5. h3 {[%emt 0:00:00]} O-O {[%emt 0:00:00] LiveBook: 3090 Games} 6. Be3 {[%emt 0:00:00]} c5 {[%emt 0:01:30]} 7. Nf3 {[%emt 0:00:30]} Na6 {[%emt 0:04:30]} 8. d5 {[%emt 0:04:30]} e6 {[%emt 0:00:30]} 9. Bd3 {[%emt 0:04:30]} exd5 {[%emt 0:00:30]} 10. exd5 {[%emt 0:00:30]} Nb4 {[%emt 0:01:30]} 11. Bb1 {[%emt 0:01:30]} b5 {[%emt 0:01:30]} 12. a3 {[%emt 0:17:30]} Qa5 $15 {[%emt 0:01:30]} 13. Nd2 {[%emt 0:19:30]} bxc4 {[%emt 0:06:30]} 14. Nxc4 {[%emt 0:02:30]} Qa6 {[%emt 0:00:30]} 15. axb4 {[%emt 0:18:30]} Qxa1 {[%emt 0:00:30]} 16. b5 {[%emt 0:00:30]} Nd7 {[%emt 0:09:30]} 17. O-O {[%emt 0:01:30]} Nb6 {[%emt 0:09:30]} 18. Nxd6 {[%emt 0:04:30]} Qxb2 {[%emt 0:01:30]} 19. Nce4 {[%emt 0:01:30]} c4 {[%emt 0:09:30]} 20. Re1 {[%emt 0:06:40]} f5 {[%emt 0:07:30]} 21. Ng5 {[%emt 0:04:47]} Qb4 {[%emt 0:15:30]} 22. Nxc8 {[%emt 0:05:41]} Raxc8 {[%emt 0:03:30]} 23. d6 {[%emt 0:01:16]} Rcd8 {[%emt 0:10:22]} 24. Bf4 {[%emt 0:01:39]} Rfe8 {[%emt 0:01:48]} 25. Ne6 {[%emt 0:01:27]} Nd5 {[%emt 0:07:56]} 26. Bh2 {[%emt 0:01:28]} f4 {[%emt 0:01:18]} 27. Be4 {[%emt 0:00:29]} Nc3 {[%emt 0:00:53]} 28. Qa1 {[%emt 0:00:31]} Ne2+ {[%emt 0:00:28]} 0-1